إعراب المعلقات السبع (معلقة زهير بن أبي سلمى المزني) / (رقم التسجيلة. 247575)

تفاصيل مارك
000 -الفاتح
عناصر البيانات ثابتة الطول 01137nam a22002777i 4500
005 - تاريخ ووقت آخر معاملة
حقل ضبط 20260104124602.0
008 - عناصر البيانات ثابتة الطول
عناصر البيانات ثابتة الطول 250906s2024 jo ||||gr|||| 00| 0 ara d
020 ## - الترقيم الدولي المعياري للكتب (ردمك)
الترقيم الدولي المعياري للكتب (ردمك) 9789923836026
040 ## - مصدر الفهرسة
هيئة الفهرسة الأصلية JO-AmGAM
قواعد الوصف rda
082 14 - رقم تصنيف ديوي العشري
رقم التصنيف 415.1
رقم المادة ك ي ا
100 1# - مدخل رئيسي – اسم شخصي
الاسم الشخصي الكيالي، عبدالباسط محمد
علاقة الشخص بالعمل/ دوره مؤلف.
245 10 - بيان العنوان
العنوان إعراب المعلقات السبع (معلقة زهير بن أبي سلمى المزني) /
بيان المسؤولية تأليف الشاعر الناقد أ. عبد الباسط محمد مصطفى الكيالي.
250 ## - بيان الطبعة
بيان الطبعة الطبعة الأولى.
264 31 - بيانات النشر، التوزيع…إلخ
مكان النشر، التوزيع...إلخ عمان :
اسم الناشر، الموزع...إلخ دار يافا العلمية للنشر والتوزيع،
تاريخ النشر، التوزيع...إلخ 2024.
300 ## - الوصف المادي
عدد الوحدات المكونة للوعاء 151 صفحة.
336 ## - نوع المحتوى
المصدر rdacontent
مصطلح نوع المحتوى نص
كود نوع المحتوى txt
337 ## - نوع الوسيط
المصدر rdamedia
مصطلح نوع الوسيط دون وسيط عرض
كود نوع الوسيط n
338 ## - نوع الحامل
المصدر rdacarrier
مصطلح نوع الحامل مجلد
كود نوع الحامل nc
490 1# - بيان السلسلة
عنوان السلسلة سلسلة إعراب المعلقات السبع ؛
رقم الوعاء في السلسلة 3.
650 17 - مدخل إضافي بالموضوع - مصطلح موضوعي
مصطلح موضوعي أو اسم جغرافي كعنصر مدخل قواعد اللغة.
650 17 - مدخل إضافي بالموضوع - مصطلح موضوعي
مصطلح موضوعي أو اسم جغرافي كعنصر مدخل المعلقات السبع.
650 17 - مدخل إضافي بالموضوع - مصطلح موضوعي
مصطلح موضوعي أو اسم جغرافي كعنصر مدخل الإعراب.
830 #0 - مدخل إضافي بالسلسلة-عنوان مقنن
عنوان السلسسلة سلسلة إعراب المعلقات السبع.
942 ## - بيانات إضافية (كوها)
نوع التنصيف Dewey Decimal Classification
نوع المادة (كوها) كتب
المقتنيات
حالة السحب حالة الفقدان مصدر التصنيف حالة التلف غير قابل للإعارة المكتبة الرئيسية المكتبة الحالية موقع الرف تاريخ التزويد مصدر التزويد العملة التكلفة، سعر الشراء العادي الرقم المتسلسل Total Checkouts رقم الإستدعاء الباركود تاريخ آخر ظهور التكلفة وسعر الاستبدال تاريخ الفاتورة نوع المادة (كوها)
    Dewey Decimal Classification     المكتبة المركزية المكتبة المركزية الإعارة 22/12/2025 56 JOD 8.00 1799413   415.1 / ك ي ا PLD00929073 22/12/2025 8.00 22/12/2025 كتب
    Dewey Decimal Classification     المكتبة المركزية المكتبة المركزية مقتنيات قسم التزويد 22/12/2025 56 JOD 8.00 1799414     PLD00929074 22/12/2025 8.00 22/12/2025 كتب
    Dewey Decimal Classification     مكتبة أم قصير والمقابلين العامة مكتبة أم قصير والمقابلين العامة الإعارة 22/12/2025 56 JOD 8.00 1799418   415.1 / ك ي ا PLD00929078 22/12/2025 8.00 22/12/2025 كتب
    Dewey Decimal Classification     مكتبة الأميرة ايمان العامة مكتبة الأميرة ايمان العامة الإعارة 22/12/2025 56 JOD 8.00 1799415   415.1 / ك ي ا PLD00929075 22/12/2025 8.00 22/12/2025 كتب
    Dewey Decimal Classification     مكتبة الاميرة بديعة مكتبة الاميرة بديعة الإعارة 22/12/2025 56 JOD 8.00 1799419   415.1 / ك ي ا PLD00929079 22/12/2025 8.00 22/12/2025 كتب
    Dewey Decimal Classification     مكتبة الجويدة مكتبة الجويدة الإعارة 17/12/2025 56 JOD 4.90 1799287   415.1 / ك ي ا PLD00928932 17/12/2025 7.00 17/12/2025 كتب
    Dewey Decimal Classification     مكتبة الجويدة مكتبة الجويدة الإعارة 22/12/2025 56 JOD 8.00 1799421   415.1 / ك ي ا PLD00929081 22/12/2025 8.00 22/12/2025 كتب
    Dewey Decimal Classification     مكتبة الحسن العامة مكتبة الحسن العامة الإعارة 22/12/2025 56 JOD 8.00 1799420   415.1 / ك ي ا PLD00929080 22/12/2025 8.00 22/12/2025 كتب
    Dewey Decimal Classification     مكتبة حمزة العامة مكتبة حمزة العامة الإعارة 22/12/2025 56 JOD 8.00 1799422   415.1 / ك ي ا PLD00929082 22/12/2025 8.00 22/12/2025 كتب
    Dewey Decimal Classification     مكتبة صويلح العامة مكتبة صويلح العامة الإعارة 22/12/2025 56 JOD 8.00 1799417   415.1 / ك ي ا PLD00929077 22/12/2025 8.00 22/12/2025 كتب
    Dewey Decimal Classification     مكتبة وادي السير العامة مكتبة وادي السير العامة الإعارة 22/12/2025 56 JOD 8.00 1799416   415.1 / ك ي ا PLD00929076 22/12/2025 8.00 22/12/2025 كتب
Implemented & Customized by: BBB with SCIT (Smart Chains for Information Technology)

Powered by Koha